[Event "Tournament 14471 - Europe Echecs"]
[Site "Europe Echecs"]
[Date "2020.07.09"]
[Round "3"]
[Time "15:04:48"]
[PlyCount "86"]
[White "PaiLiuPaul"]
[Black "PeyquetMaelys"]
[WhiteElo "1560"]
[BlackElo "1257"]
[Mode "WEB"]
[Result "1-0"]

1. e4 d5 2. exd5 Nf6 3. d4 Nxd5 4. c4 Nf6 5. Nc3 c6 6. Nf3 Bg4 7. Be2 Nbd7 8.
O-O Bxf3 9. Bxf3 e5 10. dxe5 Nxe5 11. Qxd8+ Rxd8 12. Re1 Bd6 13. Bf4 Nfd7 14.
Bg4 O-O 15. Bxd7 Rxd7 16. Bxe5 Bxe5 17. Rxe5 Rfd8 18. Rae1 Kf8 19. g3 f6 20.
R5e2 Rd4 21. b3 a6 22. Re4 Rd3 23. R4e3 b5 24. Rxd3 Rxd3 25. Re3 Rd2 26. cxb5
axb5 27. Kf1 b4 28. Re2 bxc3 29. Rxd2 cxd2 30. Ke2 Ke7 31. Kxd2 Kd6 32. Kd3 Kd5
33. b4 c5 34. b5 c4+ 35. Kc3 Kc5 36. a4 Kb6 37. Kxc4 g5 38. Kd5 Ka5 39. Ke6 h5
40. Kxf6 h4 41. Kxg5 hxg3 42. fxg3 Kb6 43. h4 {PeyquetMaelys a abandonné} 1-0

[Event "Tournament 14471 - Europe Echecs"]
[Site "Europe Echecs"]
[Date "2020.07.09"]
[Round "3"]
[Time "15:04:48"]
[PlyCount "50"]
[White "OkhanianGiorgi"]
[Black "BenoitClement"]
[WhiteElo "1490"]
[BlackElo "1254"]
[Mode "WEB"]
[Result "1-0"]

1. e4 e6 2. d4 d5 3. exd5 exd5 4. Nf3 Nc6 5. c4 Nge7 6. cxd5 Nxd5 7. Bc4 Be6 8.
O-O Qf6 9. Bg5 Qg6 10. Qb3 Be7 11. Bxd5 Bxg5 12. Bxe6 fxe6 13. Qxb7 O-O 14. Qxc6
h5 15. Nxg5 Qxg5 16. Qxe6+ Rf7 17. Nc3 Raf8 18. Rae1 Qd2 19. Nd5 Kh8 20. Ne7 Rf6
21. Ng6+ Rxg6 22. Qxg6 Rxf2 23. Qxh5+ Kg8 24. Re8+ Rf8 25. Rexf8# {BenoitClement est échec et mat} 1-0

[Event "Tournament 14471 - Europe Echecs"]
[Site "Europe Echecs"]
[Date "2020.07.09"]
[Round "3"]
[Time "15:04:48"]
[PlyCount "153"]
[White "ChalonMaceo"]
[Black "GuichonPaul"]
[WhiteElo "1280"]
[BlackElo "1486"]
[Mode "WEB"]
[Result "0-1"]

1. e4 g6 2. d4 c6 3. Nc3 d5 4. Nf3 Bg7 5. Be3 dxe4 6. Nxe4 Nf6 7. Nc3 O-O 8. Qd2
Bf5 9. Nh4 Be6 10. Bd3 Nbd7 11. Nf3 Nd5 12. Nxd5 Bxd5 13. Be2 b5 14. Bh6 Nf6 15.
Bxg7 Kxg7 16. O-O Qc7 17. a3 a6 18. Rad1 Rad8 19. Rfe1 Rfe8 20. Ne5 c5 21. Qc3
Ne4 22. Qe3 cxd4 23. Rxd4 Nf6 24. Rd2 Be6 25. Rxd8 Rxd8 26. Bd3 Rd5 27. h3 Nd7
28. Nxd7 Qxd7 29. Be4 Rd1 30. Rxd1 Qxd1+ 31. Kh2 Qd6+ 32. Qg3 Qd4 33. Qc3 Qxc3
34. bxc3 Bc8 35. Bd5 Kf6 36. h4 h6 37. g3 e5 38. c4 bxc4 39. Bxc4 Ke7 40. Kg2
Kd6 41. Kf3 f6 42. Ke3 Kc5 43. Bf7 g5 44. Bb3 a5 45. hxg5 hxg5 46. Ke4 Kd6 47.
c3 f5+ 48. Ke3 f4+ 49. gxf4 exf4+ 50. Kf3 Kc5 51. Ke4 Bd7 52. Kd3 Bf5+ 53. Ke2
Bd7 54. Kf3 Kb5 55. Ke4 Kc5 56. Ke5 Bc8 57. Ke4 Kd6 58. Kd4 Bb7 59. c4 Bc8 60.
c5+ Kc6 61. Ba4+ Kc7 62. Kc4 Be6+ 63. Kd4 Bc8 64. Ke5 Bh3 65. Kd4 Bf5 66. Ke5
Bg6 67. Kf6 g4 68. Kxg6 g3 69. fxg3 fxg3 70. Kf5 g2 71. c6 g1=Q 72. Ke5 Qc5+ 73.
Ke4 Qc4+ 74. Ke5 Qxa4 75. Kd5 Qxc6+ 76. Kd4 Kb6 {ChalonMaceo a abandonné} 0-1

[Event "Tournament 14471 - Europe Echecs"]
[Site "Europe Echecs"]
[Date "2020.07.09"]
[Round "3"]
[Time "15:04:48"]
[PlyCount "66"]
[White "MorenoChabotCl"]
[Black "CoindreauElsa"]
[WhiteElo "1476"]
[BlackElo "1248"]
[Mode "WEB"]
[Result "1-0"]

1. d4 d5 2. c4 c6 3. Nc3 Nf6 4. Bf4 e6 5. e3 a6 6. a3 b5 7. cxd5 exd5 8. Be2 Bd6
9. Bg3 Nbd7 10. Bxd6 Nb6 11. Bg3 Nc4 12. Bxc4 bxc4 13. Nf3 O-O 14. Bh4 Qd6 15.
Bxf6 Qxf6 16. O-O Qe7 17. Ne5 Qd6 18. h3 f6 19. Nf3 f5 20. Ne5 f4 21. Qd2 c5 22.
exf4 cxd4 23. Qxd4 Qh6 24. Nxd5 Be6 25. f5 Rxf5 26. Ne7+ Kh8 27. Nxf5 Qf6 28.
Ng3 Rd8 29. Qe3 Rd5 30. Nf3 Rd3 31. Qe2 Bxh3 32. Qe8+ Qf8 33. Qxf8# {CoindreauElsa est échec et mat} 1-0

[Event "Tournament 14471 - Europe Echecs"]
[Site "Europe Echecs"]
[Date "2020.07.09"]
[Round "3"]
[Time "15:04:48"]
[PlyCount "82"]
[White "FraileLucas"]
[Black "PorsoughyanEri"]
[WhiteElo "1276"]
[BlackElo "1474"]
[Mode "WEB"]
[Result "0-1"]

1. e4 e6 2. d4 d5 3. exd5 exd5 4. Nc3 c6 5. Nf3 Bd6 6. Be2 Nf6 7. O-O O-O 8. Be3
Bf5 9. Qd2 Nbd7 10. Bf4 Qc7 11. Bxd6 Qxd6 12. Nh4 Bg6 13. Nxg6 fxg6 14. h3 Rae8
15. Rae1 Ne4 16. Nxe4 Rxe4 17. Bf3 Ree8 18. c3 Nf6 19. Rxe8 Rxe8 20. Re1 Rxe1+
21. Qxe1 Kf7 22. Qe3 Qe7 23. Qd2 Nd7 24. Qf4+ Nf6 25. Qd2 Qc7 26. g3 Qa5 27. b4
Qc7 28. a4 a6 29. Kg2 h6 30. Qe3 Qe7 31. Qd2 Qe8 32. Qf4 Qd7 33. g4 g5 34. Qe5
Qe7 35. Qf5 Qe6 36. Qc2 Ng8 37. Qd2 Ne7 38. Qd3 Ng6 39. Qd2 Nh4+ 40. Kg3 Qd6+
41. Qf4+ {FraileLucas a abandonné} 0-1

[Event "Tournament 14471 - Europe Echecs"]
[Site "Europe Echecs"]
[Date "2020.07.09"]
[Round "3"]
[Time "15:04:48"]
[PlyCount "124"]
[White "CeroniArnaud"]
[Black "AmiotTimothee"]
[WhiteElo "1471"]
[BlackElo "1240"]
[Mode "WEB"]
[Result "1-0"]

1. Nf3 d5 2. c4 dxc4 3. e4 Nf6 4. Bxc4 Nxe4 5. Qa4+ Bd7 6. Bxf7+ Kxf7 7. Qxe4
Nc6 8. Ng5+ Kg8 9. Qc4+ e6 10. Ne4 Bd6 11. O-O Qe7 12. d3 h6 13. Nbc3 Kf7 14.
Qb3 Rhb8 15. Qd1 Qh4 16. Qf3+ Kg8 17. Nxd6 cxd6 18. Ne4 Rf8 19. Qg3 Qxg3 20.
hxg3 d5 21. Nc5 Bc8 22. Bf4 b6 23. Nb3 Bd7 24. Bd6 Rfd8 25. Rfe1 Rac8 26. f4 Kf7
27. Be5 Nxe5 28. Rxe5 Rc2 29. Rb1 Bb5 30. Nd4 Rc5 31. Nxe6 Rdc8 32. Nxc5 Rxc5
33. d4 Rc4 34. Rxd5 Ke6 35. Rxb5 Rxd4 36. Re1+ Kd6 37. Re2 Kc6 38. Rbe5 Rd1+ 39.
Kf2 g6 40. Re6+ Kb7 41. Rxg6 Rd5 42. Re7+ Ka6 43. Rxh6 Rd2+ 44. Re2 Rd7 45. f5
Rg7 46. f6 Rf7 47. Kf3 Kb7 48. b3 Ka6 49. a4 Ka5 50. Re3 Ka6 51. b4 Kb7 52. Re4
Ka6 53. Kf4 Kb7 54. g4 Ka6 55. g3 Kb7 56. g5 Ka6 57. g4 Kb7 58. Re7+ Rxe7 59.
fxe7 Kb8 60. e8=Q+ Kb7 61. Rh7+ Ka6 62. Qb5# {AmiotTimothee est échec et mat} 1-0

[Event "Tournament 14471 - Europe Echecs"]
[Site "Europe Echecs"]
[Date "2020.07.09"]
[Round "3"]
[Time "15:04:48"]
[PlyCount "99"]
[White "BuetClovis"]
[Black "BagAyoub"]
[WhiteElo "1251"]
[BlackElo "1467"]
[Mode "WEB"]
[Result "0-1"]

1. e4 e6 2. d4 d5 3. e5 c5 4. c3 Nc6 5. Nf3 Qb6 6. Be2 cxd4 7. cxd4 Bb4+ 8. Nc3
Nge7 9. O-O Bxc3 10. bxc3 Bd7 11. Be3 Qc7 12. Qd2 O-O 13. Rab1 Na5 14. Rb2 b6
15. Qc2 Rac8 16. Rc1 Nc4 17. Bxc4 Qxc4 18. Qe2 Qxe2 19. Rxe2 Rc7 20. Rec2 Rfc8
21. Kf1 Ba4 22. Rb2 Rxc3 23. Rxc3 Rxc3 24. Rb4 b5 25. Bd2 Rc2 26. a3 g6 27. Ke2
Nf5 28. Ne1 Rc4 29. Rb2 Nxd4+ 30. Kd3 Nc6 31. Be3 Nxe5+ 32. Kd2 Rc7 33. Bf4 Nc4+
34. Kc1 Nxb2+ 35. Kxb2 Rc4 36. Be3 a6 37. Nd3 Kf8 38. Nc5 d4 39. Nxa4 Rxa4 40.
Bd2 e5 41. Bb4+ Rxb4+ 42. axb4 Ke7 43. Kc2 Ke6 44. Kd3 Kd5 45. f3 f5 46. g3 e4+
47. fxe4+ fxe4+ 48. Kd2 Kc4 49. Kc2 Kxb4 {BuetClovis a abandonné} 0-1

[Event "Tournament 14471 - Europe Echecs"]
[Site "Europe Echecs"]
[Date "2020.07.09"]
[Round "3"]
[Time "15:04:48"]
[PlyCount "110"]
[White "RavenelTangi"]
[Black "DupuisEsteban"]
[WhiteElo "1463"]
[BlackElo "1234"]
[Mode "WEB"]
[Result "1/2-1/2"]

1. c4 Nf6 2. g3 g6 3. Bg2 d6 4. Nf3 Bg7 5. O-O O-O 6. d3 Nc6 7. Nc3 Bf5 8. Nh4
Bd7 9. Rb1 Qc8 10. Re1 Bh3 11. Bh1 e5 12. b4 Ne7 13. Nf3 Nf5 14. c5 Ne8 15. Ng5
Nh6 16. Nxh3 Qxh3 17. Bg2 Qh5 18. h4 c6 19. Ne4 d5 20. Ng5 Qg4 21. Bh3 Qd4 22.
Be3 Qc3 23. Rb3 Qxb3 24. Qxb3 Nc7 25. Bg2 f5 26. Nh3 e4 27. dxe4 fxe4 28. Bxe4
Ng4 29. Bf3 Nxe3 30. Qxe3 Rad8 31. Ng5 Rde8 32. Qb3 Nb5 33. e3 h6 34. Bg2 hxg5
35. hxg5 Bc3 36. Re2 Bg7 37. a4 Nd4 38. exd4 Rxe2 39. Bxd5+ cxd5 40. Qxd5+ Kh8
41. Qxb7 Rfxf2 42. Qc8+ Kh7 43. Qd7 Rg2+ 44. Kh1 Rh2+ 45. Kg1 Rhg2+ 46. Kf1
Ref2+ 47. Ke1 Ra2 48. Qh3+ Kg8 49. Qe6+ Kh7 50. Qh3+ Kg8 51. Qe6+ Kf8 52. Qd6+
Ke8 53. Qe6+ Kf8 54. Qd6+ Kg8 55. Qe6+ {Nulle par répétition} 1/2-1/2

[Event "Tournament 14471 - Europe Echecs"]
[Site "Europe Echecs"]
[Date "2020.07.09"]
[Round "3"]
[Time "15:04:48"]
[PlyCount "70"]
[White "SemenovTimour"]
[Black "NezosiConstant"]
[WhiteElo "1227"]
[BlackElo "1458"]
[Mode "WEB"]
[Result "0-1"]

1. e4 d6 2. d4 Nf6 3. Nc3 g6 4. g3 Bg7 5. Bg2 O-O 6. Nge2 Bg4 7. O-O Nc6 8. Be3
Qc8 9. Qc1 Bh3 10. Nf4 Bxg2 11. Kxg2 e5 12. dxe5 Nxe5 13. Ncd5 Nxd5 14. Nxd5 Kh8
15. Bh6 Qg4 16. Bxg7+ Kxg7 17. f4 Qe2+ 18. Kg1 Nf3+ 19. Rxf3 Qxf3 20. Nxc7 Rac8
21. Nb5 Qxe4 22. Qd2 Rxc2 23. Nxd6 Rxd2 24. Nxe4 Rxb2 25. Nd6 Rd8 26. Ne4 Rd4
27. Nf2 Rdd2 28. Ng4 h5 29. Ne3 Re2 30. Nc4 Rbc2 31. Na3 Rxa2 32. Rxa2 Rxa2 33.
Nc4 b5 34. Nd6 b4 35. Nc4 {SemenovTimour a abandonné} 0-1

[Event "Tournament 14471 - Europe Echecs"]
[Site "Europe Echecs"]
[Date "2020.07.09"]
[Round "3"]
[Time "15:04:48"]
[PlyCount "95"]
[White "PoussetRaphael"]
[Black "DelageKenael"]
[WhiteElo "1452"]
[BlackElo "1223"]
[Mode "WEB"]
[Result "0-1"]

1. d4 c6 2. c4 d5 3. Nc3 Bf5 4. Nf3 e6 5. Bg5 Nf6 6. e3 Be7 7. Be2 O-O 8. O-O h6
9. Bh4 Nbd7 10. Qd2 c5 11. cxd5 exd5 12. dxc5 Nxc5 13. Rad1 Nce4 14. Nxe4 Nxe4
15. Bxe7 Nxd2 16. Bxd8 Nxf1 17. Kxf1 Rfxd8 18. Nd4 Be6 19. Nb5 Rd7 20. Rc1 a6
21. Nd4 Kf8 22. Ke1 Ke7 23. Kd2 Kf6 24. Kd3 Rad8 25. Bf3 Bf5+ 26. Nxf5 Kxf5 27.
h3 Ke5 28. Rc5 b6 29. Rc6 Rd6 30. Rc7 R8d7 31. Rc8 g5 32. Bg4 f5 33. Bf3 d4 34.
Rc4 dxe3+ 35. Kxe3 Rd3+ 36. Ke2 Rd2+ 37. Ke1 Rxb2 38. Ra4 a5 39. Ra3 Rdd2 40.
Re3+ Kf6 41. Rc3 Rxf2 42. Rc6+ Kg7 43. Rc7+ Kf8 44. Rh7 g4 45. hxg4 fxg4 46.
Bxg4 Rxg2 47. Bf3 Rg1# {PoussetRaphael est échec et mat} 0-1

[Event "Tournament 14471 - Europe Echecs"]
[Site "Europe Echecs"]
[Date "2020.07.09"]
[Round "3"]
[Time "15:04:48"]
[PlyCount "98"]
[White "SivasankaranSa"]
[Black "CastagnerolAmb"]
[WhiteElo "1216"]
[BlackElo "1451"]
[Mode "WEB"]
[Result "1-0"]

1. e4 e6 2. d4 d5 3. exd5 exd5 4. Bd3 Nf6 5. h3 Nbd7 6. Qf3 Be7 7. Ne2 O-O 8.
O-O c6 9. c3 Re8 10. Bf4 Nf8 11. Nd2 Ne6 12. Rfe1 Nxf4 13. Nxf4 Bd7 14. Nh5 Nxh5
15. Qxh5 h6 16. Nf3 Bf6 17. Rxe8+ Qxe8 18. Re1 Qf8 19. Bf5 g6 20. Bxg6 fxg6 21.
Qxg6+ Qg7 22. Qxg7+ Kxg7 23. Kf1 Re8 24. Rxe8 Bxe8 25. Nh2 Bg5 26. Ke2 Bd7 27.
Nf3 Bf6 28. Ke3 Kg6 29. g4 Bg5+ 30. Kd3 Bf6 31. Nh2 h5 32. f4 hxg4 33. hxg4 Bh4
34. Nf3 Bg3 35. Ne5+ Kg7 36. Nxd7 Bxf4 37. Nc5 Bc1 38. Kc2 Bf4 39. Ne6+ Kg6 40.
Nxf4+ Kg5 41. Ne6+ Kxg4 42. Nd8 Kf3 43. Nxb7 Ke4 44. Nd8 c5 45. dxc5 Ke5 46.
Nc6+ Ke6 47. Nxa7 Kd7 48. Kd3 Kc7 49. Kd4 {CastagnerolAmb a abandonné} 1-0

[Event "Tournament 14471 - Europe Echecs"]
[Site "Europe Echecs"]
[Date "2020.07.09"]
[Round "3"]
[Time "15:04:48"]
[PlyCount "62"]
[White "MendozaMael"]
[Black "DibyJulien"]
[WhiteElo "1451"]
[BlackElo "1205"]
[Mode "WEB"]
[Result "1-0"]

1. e4 e6 2. d4 d5 3. Nc3 Nf6 4. Bg5 Be7 5. e5 Nfd7 6. Bxe7 Qxe7 7. f4 O-O 8. Bd3
c5 9. Nf3 Nc6 10. O-O f6 11. b3 Kh8 12. g3 cxd4 13. Nb5 Nc5 14. exf6 Qxf6 15.
Re1 Bd7 16. Ng5 Nb4 17. Nxh7 Qh6 18. Nxf8 Nbxd3 19. Nxd7 Nxd7 20. Qxd3 Nf6 21.
Rxe6 a6 22. Nxd4 Rf8 23. Nf5 Qh5 24. Ne7 Re8 25. Ng6+ Kh7 26. Rxe8 Nxe8 27. Nh4+
g6 28. Re1 Nf6 29. Re7+ Kh6 30. Qd4 Ng4 31. Qh8# {DibyJulien est échec et mat} 1-0

[Event "Tournament 14471 - Europe Echecs"]
[Site "Europe Echecs"]
[Date "2020.07.09"]
[Round "3"]
[Time "15:04:48"]
[PlyCount "25"]
[White "DumonteilDimit"]
[Black "BataillePaul"]
[WhiteElo "1439"]
[BlackElo "1198"]
[Mode "WEB"]
[Result "0-1"]

1. e4 d5 2. exd5 Nf6 3. Nc3 Nxd5 4. Nxd5 Qxd5 5. Nf3 Bg4 6. Be2 Nc6 7. h3 Bh5 8.
O-O e6 9. d3 Bd6 10. Be3 Bxf3 11. Bxf3 Qe5 12. c3 Qh2# {DumonteilDimit est échec et mat} 0-1

[Event "Tournament 14471 - Europe Echecs"]
[Site "Europe Echecs"]
[Date "2020.07.09"]
[Round "3"]
[Time "15:04:48"]
[PlyCount "77"]
[White "YaghiLeen"]
[Black "DoucetPierreAl"]
[WhiteElo "1438"]
[BlackElo "1177"]
[Mode "WEB"]
[Result "0-1"]

1. e4 b6 2. d4 Bb7 3. Nc3 Nf6 4. Bd3 e6 5. Nf3 Bb4 6. Bg5 h6 7. Bxf6 Qxf6 8. O-O
Bxc3 9. bxc3 O-O 10. Qe2 d5 11. Rad1 dxe4 12. Bxe4 Bxe4 13. Qxe4 Na6 14. Nd2 c5
15. Nc4 b5 16. Ne5 cxd4 17. Nd7 Qf5 18. Qxf5 exf5 19. Nxf8 Rxf8 20. cxd4 Rc8 21.
Rd2 Nb4 22. h3 Rxc2 23. Rxc2 Nxc2 24. Rd1 Kf8 25. Kf1 Ke7 26. Ke2 Kd6 27. Rd2
Nb4 28. a3 Nd5 29. Rc2 Nf4+ 30. Kf3 Ne6 31. g3 Nxd4+ 32. Kf4 Nxc2 33. Kxf5 Nxa3
34. Ke4 b4 35. Kd3 a5 36. Kd2 Kc5 37. Kc1 Kc4 38. Kb2 Kd3 {YaghiLeen a perdu au temps} 0-1

[Event "Tournament 14471 - Europe Echecs"]
[Site "Europe Echecs"]
[Date "2020.07.09"]
[Round "3"]
[Time "15:04:48"]
[PlyCount "128"]
[White "BennounaGreene"]
[Black "ChevillonCelia"]
[WhiteElo "1156"]
[BlackElo "1433"]
[Mode "WEB"]
[Result "1-0"]

1. d4 d5 2. Bf4 Nf6 3. Nf3 e6 4. e3 Bd6 5. Bg3 b6 6. c4 c6 7. Qa4 Bxg3 8. hxg3
Bb7 9. Nc3 Nbd7 10. cxd5 cxd5 11. Ne5 O-O 12. Nxd7 Qxd7 13. Qxd7 Nxd7 14. Bd3 h6
15. O-O f5 16. f4 Nf6 17. Rac1 Rac8 18. Be2 Ne4 19. Nxe4 fxe4 20. Bg4 Rfe8 21.
Rxc8 Bxc8 22. Rc1 Ba6 23. Rc7 Bc4 24. b3 Bd3 25. Rxa7 b5 26. a4 Kh7 27. a5 Kg6
28. Rb7 Kf6 29. a6 Ra8 30. Rb6 b4 31. Rxe6+ Kf7 32. Rd6 Rxa6 33. Rxa6 Bxa6 34.
Kf2 Bd3 35. Ke1 Bc2 36. Bd1 Bd3 37. g4 Kf6 38. g3 g6 39. Kd2 Bf1 40. Be2 Bh3 41.
Ke1 Bg2 42. Kf2 Bh3 43. Kg1 h5 44. gxh5 gxh5 45. Bxh5 Be6 46. Kg2 Kg7 47. g4 Bd7
48. g5 Bb5 49. Kg3 Bd3 50. Bd1 Kg6 51. Kg4 Bb1 52. f5+ Kg7 53. Kh5 Bd3 54. Kg4
Bb5 55. Kf4 Bc6 56. Ke5 Kf7 57. Bh5+ Ke7 58. g6 Kf8 59. f6 Kg8 60. Ke6 Kf8 61.
g7+ Kg8 62. Bf7+ Kh7 63. g8=Q+ Kh6 64. Qg6# {ChevillonCelia est échec et mat} 1-0

[Event "Tournament 14471 - Europe Echecs"]
[Site "Europe Echecs"]
[Date "2020.07.09"]
[Round "3"]
[Time "15:04:48"]
[PlyCount "84"]
[White "BeurierNathan"]
[Black "SherpaHaarSchm"]
[WhiteElo "1429"]
[BlackElo "1150"]
[Mode "WEB"]
[Result "1-0"]

1. e4 e5 2. Nf3 Nc6 3. Bc4 Nf6 4. d3 Bc5 5. Nc3 d6 6. h3 O-O 7. Bg5 h6 8. Bh4
Re8 9. Qd2 Nb4 10. a3 Nc6 11. Nd5 g5 12. Bg3 Nxd5 13. Bxd5 Bd7 14. O-O Nd4 15.
Nxd4 Bxd4 16. c3 c6 17. Bxf7+ Kxf7 18. cxd4 exd4 19. Bxd6 Bxh3 20. Bg3 Bg4 21.
Qb4 Qd7 22. Rfe1 a5 23. Qc5 Kg6 24. Qd6+ Qxd6 25. Bxd6 Re6 26. Bh2 Rd8 27. f3
Bxf3 28. gxf3 Rf8 29. Kg2 h5 30. Rec1 g4 31. f4 h4 32. f5+ Kf6 33. fxe6 Kxe6 34.
Rf1 Rg8 35. Bc7 h3+ 36. Kg3 Rh8 37. Kh2 Kd7 38. Bxa5 g3+ 39. Kxg3 h2 40. Rh1 Ke6
41. Rxh2 Kf6 42. Rxh8 {SherpaHaarSchm a abandonné} 1-0

[Event "Tournament 14471 - Europe Echecs"]
[Site "Europe Echecs"]
[Date "2020.07.09"]
[Round "3"]
[Time "15:04:48"]
[PlyCount "56"]
[White "PiquardYarosla"]
[Black "VerdierSolene"]
[WhiteElo "1415"]
[BlackElo "1150"]
[Mode "WEB"]
[Result "1-0"]

1. e4 e5 2. Nf3 Nc6 3. Bc4 Bc5 4. c3 Nf6 5. d3 d6 6. b4 Bb6 7. O-O O-O 8. a4 a6
9. Nbd2 Be6 10. Qb3 Bxc4 11. Nxc4 Ba7 12. b5 axb5 13. axb5 Ne7 14. Be3 Bxe3 15.
fxe3 b6 16. Ra6 Rxa6 17. bxa6 Nc6 18. Qc2 Qa8 19. Ra1 Qa7 20. d4 Ra8 21. dxe5
dxe5 22. Nfxe5 Nxe5 23. Nxe5 Qb8 24. Qd3 Ra7 25. Nc6 Qa8 26. Nxa7 Qxa7 27. Qd8+
Ne8 28. Qxe8# {VerdierSolene est échec et mat} 1-0

[Event "Tournament 14471 - Europe Echecs"]
[Site "Europe Echecs"]
[Date "2020.07.09"]
[Round "3"]
[Time "15:04:48"]
[PlyCount "165"]
[White "CaullychurnEth"]
[Black "PernotMael"]
[WhiteElo "1125"]
[BlackElo "1407"]
[Mode "WEB"]
[Result "1/2-1/2"]

1. e4 c5 2. Nf3 Nc6 3. Bb5 e6 4. Bxc6 bxc6 5. Nc3 d5 6. exd5 cxd5 7. d3 Nf6 8.
O-O Be7 9. Bf4 O-O 10. Qd2 d4 11. Ne2 Bb7 12. Ne5 Nd5 13. Nc4 Nxf4 14. Qxf4 Bg5
15. Qe5 Qd5 16. Qxd5 Bxd5 17. Nd2 Bxd2 18. Ng3 Bf4 19. Ne2 Bd6 20. b3 a5 21. a4
Rab8 22. Kh1 g5 23. Ng1 h5 24. f3 Kh7 25. Nh3 Rg8 26. Kg1 Rb7 27. Nf2 g4 28.
fxg4 hxg4 29. g3 Bf3 30. Rae1 Rg5 31. Nd1 Rh5 32. Nb2 Rb8 33. Nc4 Rd8 34. Nxa5
Bc7 35. Nc4 Kg6 36. a5 Ra8 37. Ra1 Bd5 38. a6 f5 39. Rfe1 Rah8 40. Re2 Bxg3 41.
a7 Bxh2+ 42. Rxh2 Rxh2 43. a8=Q Rh1+ 44. Kf2 R8h2+ 45. Kg3 Rg2+ 46. Kf4 Rf2+ 47.
Ke5 Re2+ 48. Kd6 Bxa8 49. Rxa8 Rxc2 50. Ne5+ Kg5 51. Kxe6 Rh6+ 52. Kd5 Kf4 53.
Ra1 Rc3 54. Rf1+ Kg3 55. b4 cxb4 56. Kxd4 Rd6+ 57. Ke3 Rcxd3+ 58. Nxd3 b3 59.
Rxf5 Kh2 60. Rf2+ Kg1 61. Rb2 g3 62. Rb1+ Kh2 63. Rxb3 g2 64. Rb2 Kh1 65. Rxg2
Kxg2 66. Nf4+ Kf1 67. Ke4 Rd8 68. Ke5 Kf2 69. Ne6 Rd1 70. Ng5 Ke3 71. Kf5 Kd4
72. Ke6 Kc5 73. Ke5 Re1+ 74. Kf5 Kd5 75. Kf6 Re2 76. Kf5 Rf2+ 77. Kg4 Rf8 78.
Kg3 Ke5 79. Kg4 Rf1 80. Nf3+ Ke4 81. Nd2+ Ke3 82. Nxf1+ Kf2 {Aucun joueur n'a le mat&eacute;riel pour mater} 1/2-1/2

[Event "Tournament 14471 - Europe Echecs"]
[Site "Europe Echecs"]
[Date "2020.07.09"]
[Round "3"]
[Time "15:04:48"]
[PlyCount "163"]
[White "DecultotJacque"]
[Black "DebiasSaidAdri"]
[WhiteElo "1404"]
[BlackElo "1125"]
[Mode "WEB"]
[Result "1/2-1/2"]

1. e4 c6 2. d4 d5 3. e5 c5 4. c3 Qb6 5. f4 Nc6 6. Nf3 Bg4 7. h3 Bxf3 8. Qxf3 e6
9. dxc5 Bxc5 10. Qg4 g6 11. Nd2 Nge7 12. Nb3 Bf2+ 13. Kd1 Be3 14. Bxe3 Qxe3 15.
Qf3 Nf5 16. Qxe3 Nxe3+ 17. Kd2 Nc4+ 18. Kc2 Ne3+ 19. Kd2 Nxf1+ 20. Rhxf1 O-O 21.
g4 Ne7 22. Nc5 b6 23. Nd7 Rfd8 24. Nf6+ Kg7 25. Rf2 Rac8 26. Rg1 d4 27. Kc2 b5
28. a3 a5 29. f5 b4 30. Ne4 Rd5 31. f6+ Kf8 32. fxe7+ Kxe7 33. Nd6 d3+ 34. Kd2
bxc3+ 35. bxc3 Rf8 36. Rf3 Rxe5 37. Nc4 Rc5 38. Ne3 Rfc8 39. Nd1 e5 40. Rxd3 e4
41. Re3 Re5 42. Rge1 Rc4 43. Nb2 Rd5+ 44. Kc2 Rc8 45. Rxe4+ Kf8 46. Rc4 Rcd8 47.
Rd1 Rxd1 48. Nxd1 f5 49. Ne3 fxg4 50. Nxg4 h5 51. Nf2 Re8 52. Rf4+ Kg7 53. Kd2
Rd8+ 54. Kc2 Re8 55. Re4 Rd8 56. Re5 Rf8 57. Nd3 Rf3 58. c4 Rxh3 59. c5 Rf3 60.
c6 Rf8 61. Re7+ Kf6 62. Rd7 Ke6 63. Rb7 Kd6 64. Rg7 Rf6 65. Ra7 h4 66. Rxa5 h3
67. c7 Kxc7 68. Ra4 h2 69. Rh4 Rc6+ 70. Kd2 Rf6 71. Rxh2 g5 72. Rg2 Rf5 73. Rf2
Rd5 74. Ke3 g4 75. Rg2 Ra5 76. Rxg4 Rxa3 77. Rg7+ Kc6 78. Rg6+ Kc7 79. Rg4 Ra7
80. Rg7+ Kb6 81. Rxa7 Kxa7 {Aucun joueur n'a le mat&eacute;riel pour mater} 1/2-1/2

[Event "Tournament 14471 - Europe Echecs"]
[Site "Europe Echecs"]
[Date "2020.07.09"]
[Round "3"]
[Time "15:04:48"]
[PlyCount "160"]
[White "NegreMaxime"]
[Black "GhazaryanGurge"]
[WhiteElo "1105"]
[BlackElo "1403"]
[Mode "WEB"]
[Result "1-0"]

1. e4 c5 2. Nf3 d6 3. d4 cxd4 4. Nxd4 Nf6 5. Nc3 g6 6. Nf3 Bg7 7. Bd3 O-O 8. Be3
Nc6 9. Qd2 Bd7 10. Bh6 a6 11. Bxg7 Kxg7 12. O-O Bg4 13. Be2 Rc8 14. h3 Bxf3 15.
Bxf3 Ne5 16. Qe3 Nc4 17. Qc1 e6 18. Re1 d5 19. exd5 Nxd5 20. Nxd5 exd5 21. c3
Qd6 22. Rd1 Nb6 23. Qg5 Rcd8 24. Rd2 h6 25. Qe3 Nc4 26. Qd4+ Kg8 27. Re2 Nb6 28.
Rd1 Rfe8 29. Rxe8+ Rxe8 30. b3 Rd8 31. c4 Nc8 32. Qxd5 Qxd5 33. Rxd5 Rxd5 34.
Bxd5 b5 35. Bb7 bxc4 36. Bxa6 cxb3 37. axb3 Nb6 38. b4 f5 39. b5 Kg7 40. g3 Kf6
41. f3 g5 42. Kg2 Ke5 43. Kf2 Nd5 44. Ke2 f4 45. g4 Kd4 46. Bb7 Nb6 47. Bc6 Nc4
48. Kf2 Kd3 49. Be4+ Kd2 50. Bd5 Nb6 51. Bc6 Kd1 52. Be8 Nc4 53. Bf7 Nb6 54. Be8
Kd2 55. Bc6 Nc4 56. Bb7 Ne5 57. Bc6 Nd3+ 58. Kf1 Ke3 59. b6 Nc5 60. b7 Na6 61.
Kg2 Nb8 62. Be4 Ke2 63. Bd5 Na6 64. h4 Nb8 65. Bc4+ Ke3 66. Bd5 Kd4 67. Be4 Ke3
68. Kf1 Na6 69. h5 Nb8 70. Ke1 Na6 71. Kd1 Kd4 72. Kd2 Kc5 73. Kd3 Nb4+ 74. Kc3
Na6 75. Kb3 Kb5 76. Bd3+ Kb6 77. Bxa6 Ka7 78. Kc4 Kb6 79. b8=Q+ Ka5 80. Qb5# {GhazaryanGurge est échec et mat} 1-0

[Event "Tournament 14471 - Europe Echecs"]
[Site "Europe Echecs"]
[Date "2020.07.09"]
[Round "3"]
[Time "15:04:48"]
[PlyCount "74"]
[White "MicheliElora"]
[Black "VivesClement"]
[WhiteElo "1394"]
[BlackElo "1101"]
[Mode "WEB"]
[Result "1-0"]

1. e4 e5 2. Bc4 Nf6 3. d3 Bc5 4. Nc3 d6 5. f4 Ng4 6. Na4 Nf2 7. Qf3 Nxh1 8. Nxc5
dxc5 9. fxe5 O-O 10. Nh3 Bxh3 11. Qxh3 Nc6 12. e6 fxe6 13. Bxe6+ Kh8 14. Be3 Qf6
15. O-O-O Nf2 16. Bxf2 Qxf2 17. Bf5 Qf4+ 18. Kb1 Qh6 19. Qg3 Ne7 20. Bg4 Rf6 21.
Qxc7 Ng6 22. Qxb7 Raf8 23. Bf3 Qxh2 24. Qxa7 Nh4 25. Qxc5 Nxf3 26. gxf3 Rxf3 27.
a3 h6 28. Ka2 Rf1 29. Rxf1 Rxf1 30. b4 Rf2 31. Kb3 h5 32. e5 Rf5 33. Qc8+ Kh7
34. Qxf5+ g6 35. Qf7+ Kh6 36. e6 Qe5 37. e7 {VivesClement a abandonné} 1-0

[Event "Tournament 14471 - Europe Echecs"]
[Site "Europe Echecs"]
[Date "2020.07.09"]
[Round "3"]
[Time "15:04:48"]
[PlyCount "103"]
[White "RoubaudLouisAl"]
[Black "LeclercqRobin"]
[WhiteElo "1101"]
[BlackElo "1392"]
[Mode "WEB"]
[Result "0-1"]

1. d4 Nf6 2. Nd2 g6 3. e4 d6 4. Ngf3 Bg7 5. Bc4 Nbd7 6. O-O O-O 7. Re1 Nb6 8. b3
Bg4 9. Bb2 Nxc4 10. Nxc4 c5 11. d5 b5 12. Na3 a6 13. c4 bxc4 14. Nxc4 Re8 15. h3
Bd7 16. Qd3 Bb5 17. Rad1 e6 18. dxe6 Rxe6 19. a4 Bxc4 20. Qxc4 Qb6 21. e5 dxe5
22. Rxe5 Rae8 23. Rxe6 Rxe6 24. Rd8+ Qxd8 25. Qc2 Ne4 26. Bxg7 Kxg7 27. Qb2+ Kg8
28. h4 Qd1+ 29. Kh2 Qf1 30. Ng5 Nxg5 31. hxg5 Re2 32. Qf6 Qxf2 33. Qd8+ Kg7 34.
Qf6+ Qxf6 35. gxf6+ Kxf6 36. Kg3 Re3+ 37. Kf4 Rxb3 38. Ke4 Rb4+ 39. Kd5 Rxa4 40.
Kxc5 Rg4 41. Kb6 Rxg2 42. Kxa6 h5 43. Kb7 h4 44. Kc7 Rd2 45. Kc6 h3 46. Kb5 h2
47. Kc4 h1=Q 48. Kb3 Qb1+ 49. Kc4 Qc1+ 50. Kb5 Rb2+ 51. Ka4 Qa1# {RoubaudLouisAl est échec et mat} 0-1

[Event "Tournament 14471 - Europe Echecs"]
[Site "Europe Echecs"]
[Date "2020.07.09"]
[Round "3"]
[Time "15:04:48"]
[PlyCount "64"]
[White "ToussaintFlore"]
[Black "MilaGabriel"]
[WhiteElo "1391"]
[BlackElo "1096"]
[Mode "WEB"]
[Result "1-0"]

1. d4 c5 2. Nf3 cxd4 3. Nxd4 g6 4. Nc3 Bg7 5. e4 Nc6 6. Nxc6 bxc6 7. Bd2 d5 8.
exd5 cxd5 9. Bb5+ Bd7 10. Bxd7+ Qxd7 11. Qf3 Rd8 12. O-O Nf6 13. Rfe1 Ne4 14.
Bf4 Nxc3 15. bxc3 O-O 16. Rad1 e6 17. c4 Rfe8 18. cxd5 exd5 19. Rxe8+ Qxe8 20.
h3 Qd7 21. Bg5 Rb8 22. Rxd5 Qc7 23. Bf4 Qxc2 24. Bxb8 Qb1+ 25. Qd1 Qxa2 26. Rd8+
Bf8 27. Bd6 Kg7 28. Bxf8+ Kf6 29. Qd6+ Kg5 30. Qe7+ f6 31. Qe3+ Kh5 32. Qh6# {MilaGabriel est échec et mat} 1-0